2025年度ドラフト会議 阪神タイガースの指名選手 - Statistics

General Stats
  • This quiz has been taken 7 times
  • The average score is 5 of 7
Answer Stats
Hint Answer % Correct
1位内野手 創価大学 立石正広
100%
2位内野手 日本大学 谷端将伍
100%
5位投手 オイシックス新潟アルビレックスBC 能登嵩都
100%
3位外野手 筑波大学 岡城快生
80%
4位投手 神村学園高校 早瀬朔
60%
育成1位投手 東京農業大学北海道オホーツク 神宮僚介
60%
育成2位外野手 兵庫ブレイバーズ 山﨑照英
40%
No matching quizzes found
Score Distribution
Percent of People with Each Score
Percentile by Number Answered
Your Score History
You have not taken this quiz